Svět v roce 1995

Enregistré dans:
Détails bibliographiques
Autres auteurs: Spanilý, Stanislav, Skálová, Růžena
Format: Livre
Langue:tchèque
Publié: Praha Victoria Publ. 1995
Édition:1. vyd.
Sujets:
Tags: Ajouter un tag
Pas de tags, Soyez le premier à ajouter un tag!

MARC

LEADER 00000nam a2200000 4500
001 c010905
005 20221214072958.0
020 |a 80-85865-93-9 
041 0 |a cze 
044 |a CZ 
245 1 0 |a Svět v roce 1995  |c [Z angl. prel.] Stanislav Spanilý ; Zodp. red. Růžena Skálová 
250 |a 1. vyd. 
264 1 |a Praha  |b Victoria Publ.  |c 1995 
300 |a 118 s. 
610 2 0 |a politika 
610 2 0 |a politika medzinárodná 
610 2 0 |a priemysel 
610 2 0 |a politika hospodárska 
610 2 0 |a financie 
610 2 0 |a veda 
610 2 0 |a Európa 
610 2 0 |a svet 
610 2 0 |a Česko 
610 2 0 |a Ázia 
610 2 0 |a Veľká Británia 
610 2 0 |a Severná Amerika 
700 1 |a Spanilý, Stanislav 
700 1 |a Skálová, Růžena